Свободата да учиш (Запис номер 180139)
[ съкратено ]
| 000 -Лидер | |
|---|---|
| Контролно поле с фиксирана дължина | 02027nam a2200445 a 4500 |
| 003 - Код на организацията, давaща контролен номер | |
| Контролно поле | BLK |
| 005 - Дата и час на последна редакция | |
| Контролно поле | 20240723121541.0 |
| 008 - Елементи от данни с фиксирана дължина | |
| fixed length control field | 180411b bul|||||r ||||||| ||bul|| |
| 010 ## - Наследен системен номер | |
| LC control number | KNG00188972000 |
| 020 ## - Международен стандартен номер на книга ISBN | |
| Международен стандартен номер на книга ISBN | 978-619-152-771-7 |
| 040 ## - Източник на каталожния запис | |
| Идентификатор на билиотеката - собственик на записа | BLK |
| 041 ## - Код за език | |
| Код за езика на текст/звукозапис или на отделно заглавие | Български |
| Код за езика КДБФ | Български |
| 072 #7 - Код за тематичната категория | |
| Код организация | bullib |
| Код за тематична категория | Н37 |
| Текст | Образование. Педагогика Н |
| 080 ## - УДК | |
| Текстов определител УДК | Педагогическа психология |
| УДК код - определител по УДК | 37.015.3 |
| УДК - код + определител | 37.015.3 |
| 080 ## - УДК | |
| Текстов определител УДК | Възпитание у дома. Семейно възпитание |
| УДК код - определител по УДК | 37.018.1 |
| УДК - код + определител | 37.018.1 |
| 080 ## - УДК | |
| Текстов определител УДК | Занимания в предучилищна възраст |
| УДК код - определител по УДК | 372.3 |
| УДК - код + определител | 372.3 |
| 100 1# - Редна дума - Автор | |
| Автор | Грей, Питър |
| Авторска отговорност | първи автор |
| R(LIN) | 342112 |
| 139 ## - Редно поле | |
| Редна дума | Грей, Питър |
| Авторски знак | Гре - Г 79 |
| 245 10 - Сведения за заглавието | |
| Заглавие | Свободата да учиш |
| Подзаглавни данни | Защо свободните да следват инстинкта си за игра деца са по-щастливи, по-самостоятелни и по-добре подготвени за живота |
| Редно поле (дума) | Питър Грей; прев. от англ. Гаяне Минасян. |
| 257 ## - Страна на издаване | |
| Страна на създаване/издаване | Съединени американски щати |
| 260 ## - Област на издателските данни | |
| Място на издаване, разпространение и проч. | София |
| Име на издателя, разпространителя и проч. | Изток-Запад |
| Година на издаване | 2016 |
| 300 ## - Физическа характеристика | |
| Страници | 320 с. |
| Размери/Мащаб | 22 см |
| 380 ## - Жанр | |
| Жанр | Обществени науки |
| 500 ## - Общи забележки | |
| Забележка | Прев. по: Free to learn / Peter Gray. - Библиогр.: с. 301-319 |
| 650 #4 - Допълнително описание по предмет – тема | |
| Основно описание – тема или топоним | Детска и педагогическа психология |
| 9 (RLIN) | 244538 |
| 650 #4 - Допълнително описание по предмет – тема | |
| Основно описание – тема или топоним | Образование и просвета |
| 9 (RLIN) | 252113 |
| 650 #4 - Допълнително описание по предмет – тема | |
| Основно описание – тема или топоним | Игри - психология |
| 9 (RLIN) | 342113 |
| 653 ## - Ключова дума – ненормативна | |
| Ключова дума | детска психология |
| 653 ## - Ключова дума – ненормативна | |
| Ключова дума | педагогическа психология |
| 653 ## - Ключова дума – ненормативна | |
| Ключова дума | образование |
| 653 ## - Ключова дума – ненормативна | |
| Ключова дума | училища |
| 653 ## - Ключова дума – ненормативна | |
| Ключова дума | игри |
| 659 ## - Тематичен бюлетин | |
| Тематичен бюлетин | Н |
| 700 1# - Други автори (авторска отговорност) | |
| Лично име | Минасян, Гаяне Гарабет |
| Автороска отговорност (Описва отношението между автора и произведението) | прев. от англ. |
| 9 (RLIN) | 376808 |
| 852 ## - Местоположение | |
| Форматна сигнатура | Цб 281367 |
| Фондова буква | Хранилище |
| 856 4# - Електронен адрес и достъп | |
| Електронен формат | pdf - файл |
| Инструкция (цена за достъп) | 0.00 |
| Права за достъп | disable |
| 856 4# - Електронен адрес и достъп | |
| Електронен формат | pdf - файл |
| Инструкция (цена за достъп) | 0.00 |
| Права за достъп | disable |
| 999 ## - СИСТЕМНИ КОНТРОЛНИ НОМЕРА | |
| Koha biblionumber | 180139 |
| Koha biblioitemnumber | 180139 |
| 942 ## - АРТИКУЛИ | |
| Вид на библиотечния материал | Книги |
| Скрит в OPAC | Не |
| Периодичен библиозапис | Да |
| Koha issues (borrowed), all copies | 2 |
| 944 ## - СЪЗДАВАНЕ И РЕДАКЦИЯ на ЗАПИСА | |
| Създаване/Редакция | Създаване |
| Дата на регистрацията/редакция | 01.07.2016 |
| Служител, извършил регистрацията/редакцията | 30576 |
| Статус, дата на статуса | Цветомила Тодорова |
| Код за отписване | Код за изгубен артикул | Код за повреда | Коз за рестрикции | Код за отдаване | Артикулен № | Име на библиотеката - собственик | Име на библиотеката, в която се намира в момента | Статус (Текущо местоположение) | Дата на вписване в системата | Местоположение - отдел | Цена в лева | Инвентарен номер | Систематично азбучна сигнатура | Баркод | Номер на екземпляра | Цена в евро | Служебна бележка | Служебен тип на артикула | Източник на класификационната схема |
|---|---|---|---|---|---|---|---|---|---|---|---|---|---|---|---|---|---|---|---|
| Не е изгубен | Не е повреден | без рестрикции | ползва се в читалня | 308785 | Регионална библиотека "Любен Каравелов" Русе | Регионална библиотека "Любен Каравелов" Русе | Хранилище | 2016-07-01 | Хранилище | 17.00 | 120000801883 | Цб 281367 | 120000801883 | 1 | 8.69 | Дост: Dp Вид: Д N: 24 Дата: 13.05.2016 | Книги | ||
| Не е изгубен | Не е повреден | без рестрикции | заемане за дома | 925512 | Регионална библиотека "Любен Каравелов" Русе | Регионална библиотека "Любен Каравелов" Русе | Заемна - подръчен фонд | 2023-03-29 | Заемна - подръчен фонд | 17.00 | 120000884941 | 37.015/Г 79 П | 120000884941 | 8.69 | Книги | Universal Decimal Classification |